| 000 | 00531nam a22001817a 4500 | ||
|---|---|---|---|
| 003 | OSt | ||
| 005 | 20240514100959.0 | ||
| 008 | 240514b |||||||| |||| 00| 0 eng d | ||
| 040 |
_aKMU _beng _cKMU _dKMU _eRDA |
||
| 050 | _aQE 28.3 | ||
| 100 | _aFortey Richard | ||
| 245 |
_aThe Earth: _bAn Intimate History/ _cRichard Fortey. |
||
| 260 |
_aLondon: _bThe Folio Society, _c2011. |
||
| 300 |
_axvii, 416 p.: _bill, maps, chiefly photos, _c26 cm. |
||
| 504 | _aIncludes bibliographic references. | ||
| 650 | _aHistory | ||
| 942 |
_2lcc _cBK _n0 |
||
| 999 |
_c1212 _d1212 |
||